000 01715 a2200289 4500
003 OSt
005 20260203100917.0
008 120210t xxu||||| |||| 00| 0 eng d
010 _a 97061188
020 _a0789300982 (pbk.)
040 _c0
082 _a720.92
245 0 0 _aFrank Lloyd Wright :
_bmaster builder /
_ctext by Bruce Brooks Pfeiffer ; edited by David Larkin and Bruce Brooks Pfeiffer.
250 _aRev. ed.
260 _aNew York :
_bUniverse,
_c1997.
300 _a240 p. :
_bcol. ill. ;
_c21 cm.
500 _aRevision of: Frank Lloyd Wright : the masterworks. New York : Rizzoli, 1993.
505 _aInstructor: Developing a Structure and Terminology for Basic Visual Studies 1.Historical Influences on Visual Education 2. The Problem-Solving Process and Form Generation Model 3.Drawing as a Means of Communicating 4 .Formal Drawing Systems 5. The Visual Elements of Form: Point, Line, Plane and Shape 6 .Volume and Structure 7. The Visual and Physical Attributes of Form 8. Color 9. Space, Depth and Distance 10. Perception of Figure and Form 11. Perceptual Principles 12. Symmetry and Dynamic Symmetry .Appendix .Credits .Inde .
600 1 0 _aWright, Frank Lloyd,
_d1867-1959
_xCriticism and interpretation.
_932293
650 0 _aArchitecture
_zUnited States
_xHistory
_y20th century.
_932294
700 1 _aLarkin, David.
_932295
700 1 _aPfeiffer, Bruce Brooks.
_932296
856 4 2 _3Contributor biographical information
_uhttp://www.loc.gov/catdir/bios/hol054/97061188.html
856 4 2 _3Publisher description
_uhttp://www.loc.gov/catdir/description/hol042/97061188.html
942 _aSADA
_cBK
_k720.92 FRA 1997
_2ddc
999 _c352334
_d352334